[Event "Chigorin Memorial 2019"]
[Site "St Petersburg RUS"]
[Date "2019.10.06"]
[Round "2.159"]
[White "Khurkhesova, Viktoriya"]
[Black "Koltsova, Alisa"]
[Result "1-0"]
[WhiteElo "1897"]
[BlackElo "1486"]
[WhiteFideId "54115116"]
[BlackFideId "24249599"]
[EventDate "2019.10.05"]

1. d4 d5 2. c4 dxc4 3. Nc3 Nf6 4. e3 e6 5. Bxc4 c5 6. Nf3 Nc6 7. O-O a6 8. a4
cxd4 9. exd4 Be7 10. Bf4 O-O 11. Qd2 Nb4 12. Rfe1 b6 13. Ne5 Bd6 14. Bb3 Bxe5
15. Bxe5 Bb7 16. Rad1 Bd5 17. Nxd5 Nfxd5 18. Re4 Nc6 19. Rg4 f6 20. Qh6 Rf7 21.
Bf4 Nce7 22. Bc1 Ng6 23. Qd2 Qd6 24. Qe2 Re7 25. Rg3 a5 26. Bc2 f5 27. Bg5 Rc7
28. Bb3 Rac8 29. Re1 Ngf4 30. Bxf4 Nxf4 31. Qe3 Rd8 32. Rf3 Nd5 33. Qg5 Qe7 34.
Qd2 Rc6 35. Rxf5 Qd7 36. Rfe5 Nc7 37. R5e4 Rd6 38. Qc2 Rf8 39. Rh4 h6 40. Rd1
Nd5 41. Qe4 Qe7 42. Bc2 Nf6 43. Qg6 Kh8 44. Rf4 Qf7 45. Qd3 Rfd8 46. Re1 Rc8 47.
h3 Qc7 48. Bb1 Rc6 49. Rf3 Rc1 50. Re3 Rxe1+ 51. Rxe1 Qf4 52. g3 Qd6 53. Kh2 Rd8
54. Rc1 Qxd4 55. Qxd4 Rxd4 56. Rc8+ Ng8 57. Bg6 Rd7 58. Rf8 Rd2 59. Kg2 Rxb2 60.
Bf7 Rb4 61. Rxg8+ Kh7 62. Rb8 Rxa4 63. Rxb6 e5 64. Bb3 Rb4 65. Rxb4 axb4 66. Kf3
Kg6 67. Ke4 Kf6 68. Bc4 h5 69. h4 g5 70. hxg5+ Kxg5 71. Kxe5 h4 72. gxh4+ Kxh4
73. f4 1-0

[Event "Chigorin Memorial 2019"]
[Site "St Petersburg RUS"]
[Date "2019.10.06"]
[Round "2.160"]
[White "Borisenko, Ekaterina"]
[Black "Borisov, Sergey"]
[Result "0-1"]
[WhiteElo "1442"]
[BlackElo "1885"]
[WhiteFideId "34276416"]
[BlackFideId "4169301"]
[EventDate "2019.10.05"]

1. c4 e5 2. g3 Nf6 3. Bg2 d5 4. cxd5 Nxd5 5. Nc3 Nb6 6. Nf3 Nc6 7. O-O Be7 8. a3
Be6 9. b4 a5 10. b5 Nd4 11. d3 Nb3 12. Rb1 Nxc1 13. Qxc1 f6 14. Rd1 a4 15. d4
Bb3 16. Rd3 O-O 17. dxe5 Qe8 18. exf6 Bxf6 19. Nd4 Bc4 20. Rd1 Qf7 21. Qe3 Rae8
22. Qf3 Qe7 23. Qxb7 Qxa3 24. Qxc7 Bd8 25. Qc6 Qxc3 26. e3 Qa3 27. Rdc1 Qa2 28.
Nc2 Bd5 29. Bxd5+ Qxd5 30. Qc3 Bf6 31. Qe1 Rc8 32. Qa5 Nc4 33. Qxa4 Nd2 34. Nb4
Nf3+ 35. Kh1 Rxc1+ 36. Rxc1 Qe4 37. Qa2+ Kh8 38. Rc4 Qb7 39. Qa6 Qd7 40. Qc6 Qh3
41. Qxf3 Qf1# 0-1

[Event "Chigorin Memorial 2019"]
[Site "St Petersburg RUS"]
[Date "2019.10.06"]
[Round "2.161"]
[White "Kuizhev, Adam"]
[Black "Vershinina, Anastasiia"]
[Result "1-0"]
[WhiteElo "1879"]
[BlackElo "1466"]
[WhiteFideId "44166265"]
[BlackFideId "54106559"]
[EventDate "2019.10.05"]

1. e4 c5 2. Nf3 e6 3. g3 b6 4. Bg2 Bb7 5. d3 Nc6 6. O-O Qc7 7. Nc3 a6 8. Re1 d6
9. a4 Nf6 10. Bf4 Nd7 11. e5 dxe5 12. Nxe5 Ndxe5 13. Bxe5 Nxe5 14. Bxb7 Qxb7 15.
Rxe5 Be7 16. Re1 Bf6 17. Ne4 Qe7 18. Qf3 Rd8 19. Nxf6+ Qxf6 20. Qc6+ Rd7 21.
Qxb6 O-O 22. Rab1 Rdd8 23. Qxa6 Rb8 24. b3 h6 25. Qc4 Rfc8 26. Qe4 Rb4 27. Qe5
Qf3 28. Re4 Rb6 29. Rbe1 Rb4 30. Qc3 Rb7 31. Rf4 Qc6 32. Rg4 g5 33. Qf6 Kh7 34.
h4 Rg8 35. hxg5 Rg6 36. Qf4 Qd7 37. Rh4 Rb4 38. Re4 Rxe4 39. Qxe4 f5 40. gxf6 1-0

[Event "Chigorin Memorial 2019"]
[Site "St Petersburg RUS"]
[Date "2019.10.06"]
[Round "2.162"]
[White "Zhapova, Yana"]
[Black "Korolev, Artem"]
[Result "1-0"]
[WhiteElo "1878"]
[BlackElo "1459"]
[WhiteFideId "24278670"]
[BlackFideId "44170017"]
[EventDate "2019.10.05"]

1. e4 d6 2. d4 Nf6 3. Nc3 e5 4. Nf3 exd4 5. Nxd4 g6 6. Be2 Bg7 7. O-O O-O 8. f4
Re8 9. Bf3 Nbd7 10. Re1 Nc5 11. b4 Ne6 12. Be3 Nd7 13. Nde2 Nb6 14. Qd3 c5 15.
a3 Qe7 16. Rad1 Rd8 17. f5 c4 18. Qd2 Nc7 19. Nf4 Qf6 20. Bxb6 axb6 21. Nfd5
Nxd5 22. Nxd5 Qb2 23. fxg6 hxg6 24. e5 Bf5 25. Ne7+ Kh7 26. Nxf5 gxf5 27. Qg5
Qxc2 28. Qh5+ Kg8 29. Bd5 Rd7 30. e6 Re7 31. exf7+ Kf8 32. Rxe7 Kxe7 33. Re1+
Kd7 34. Be6+ Kc7 35. Bxf5 Qd2 36. Re7+ Kb8 37. f8=Q+ Bxf8 38. Qe8+ Ka7 39. Qa4+
Kb8 40. Re8+ Kc7 41. Qd7# 1-0

[Event "Chigorin Memorial 2019"]
[Site "St Petersburg RUS"]
[Date "2019.10.06"]
[Round "2.163"]
[White "Koroleva, Mariya"]
[Black "Sheynin, Izrail"]
[Result "0-1"]
[WhiteElo "1355"]
[BlackElo "1871"]
[WhiteFideId "34276424"]
[BlackFideId "4186230"]
[EventDate "2019.10.05"]

1. c4 e5 2. g3 d6 3. Bg2 g6 4. Nc3 Bg7 5. Nf3 f5 6. d3 Nf6 7. e4 c6 8. O-O O-O
9. b4 h6 10. Nh4 Kh7 11. exf5 gxf5 12. Qf3 f4 13. gxf4 Ng4 14. Qe4+ Kg8 15. Nf3
Bf5 16. Qe2 exf4 17. Bb2 Nd7 18. Qd2 Nde5 19. Nxe5 Nxe5 20. d4 Nxc4 21. Qc1 Nxb2
22. Qxb2 Qg5 23. Nd1 d5 24. Qc3 Rae8 25. Qd2 Bh3 26. f3 Bxd4+ 27. Kh1 Bxg2+ 28.
Qxg2 Qxg2+ 29. Kxg2 Bxa1 30. Nf2 Bd4 31. Ng4 h5 32. Nf2 Re2 33. a4 Rxf2+ 34.
Rxf2 Bxf2 35. Kxf2 Re8 36. Kg2 Kf7 37. Kh3 Kf6 38. Kh4 Kf5 39. b5 d4 40. a5 0-1

[Event "Chigorin Memorial 2019"]
[Site "St Petersburg RUS"]
[Date "2019.10.06"]
[Round "2.164"]
[White "Shapiyanov, Adam"]
[Black "Kalashnikov, Fedor"]
[Result "1-0"]
[WhiteElo "1871"]
[BlackElo "1387"]
[WhiteFideId "24123390"]
[BlackFideId "34294031"]
[EventDate "2019.10.05"]

1. Nf3 Nf6 2. g3 g6 3. Bg2 Bg7 4. O-O O-O 5. c4 d6 6. Nc3 e5 7. d4 Qe7 8. Bg5 c6
9. Qd2 Re8 10. c5 exd4 11. Qxd4 dxc5 12. Qf4 Bf5 13. e4 Be6 14. e5 Nh5 15. Qd2
f6 16. exf6 Bxf6 17. Rfe1 Qf7 18. Ne4 Bxg5 19. Nexg5 Qf6 20. Bh3 Bf7 21. Nxf7
Qxf7 22. Rxe8+ Qxe8 23. Re1 Qf8 24. Ng5 Na6 25. Qd7 Nf6 26. Be6+ Kh8 27. Qxb7
Re8 28. Qxa6 h6 29. Nf7+ Kg7 30. Qxa7 Re7 31. Qa5 Qe8 32. Nd6 Rxe6 33. Nxe8+ 1-0

[Event "Chigorin Memorial 2019"]
[Site "St Petersburg RUS"]
[Date "2019.10.06"]
[Round "2.165"]
[White "Gagonin, Aleksandr"]
[Black "Gubatayeva, Ayshe"]
[Result "0-1"]
[WhiteElo "1306"]
[BlackElo "1870"]
[WhiteFideId "34427031"]
[BlackFideId "14005913"]
[EventDate "2019.10.05"]

1. e4 c5 2. Nf3 Nc6 3. d4 cxd4 4. Nxd4 Nf6 5. Nc3 e5 6. Ndb5 d6 7. Nd5 Nxd5 8.
exd5 Nb8 9. c4 Be7 10. Be2 a6 11. Nc3 O-O 12. O-O f5 13. a3 a5 14. Nb5 Nd7 15.
f4 e4 16. Be3 a4 17. Bd4 Nb6 18. b4 axb3 19. Qxb3 Bf6 20. a4 Nd7 21. Ra3 Bxd4+
22. Nxd4 Nc5 23. Qb4 Bd7 24. a5 b6 25. Rfa1 Qf6 26. Nb5 bxa5 27. Rxa5 Rxa5 28.
Rxa5 e3 29. g3 Ne4 30. Ra7 Bxb5 31. cxb5 Nc3 32. Qc4 Nxe2+ 33. Qxe2 Re8 34. Ra3
Qd4 35. Rd3 Qxd3 36. Qxd3 e2 37. Qxf5 e1=Q+ 0-1

[Event "Chigorin Memorial 2019"]
[Site "St Petersburg RUS"]
[Date "2019.10.06"]
[Round "2.166"]
[White "Chetyrev, Dmitry"]
[Black "Kleschev, Semen"]
[Result "1-0"]
[WhiteElo "1869"]
[BlackElo "1328"]
[WhiteFideId "24175323"]
[BlackFideId "24234338"]
[EventDate "2019.10.05"]

1. e4 c5 2. Nf3 Nf6 3. Nc3 d5 4. exd5 Nxd5 5. Bc4 Nxc3 6. bxc3 Nc6 7. O-O e6 8.
d4 Be7 9. Be3 O-O 10. Bb5 Qb6 11. Rb1 Qa5 12. Bxc6 bxc6 13. Ne5 Qc7 14. Qf3 Bd7
15. Nd3 cxd4 16. cxd4 Bd6 17. Bf4 Rab8 18. Bxd6 Qxd6 19. Qg3 Qxg3 20. hxg3 Rfd8
21. Nc5 Be8 22. c3 Rb6 23. Rb3 Rdb8 24. Rfb1 Kf8 25. Kf1 Ke7 26. Ke2 h6 27. Na4
Rb5 28. c4 Rxb3 29. axb3 f6 30. Nc5 Rd8 31. Ke3 Rb8 32. Ra1 Ra8 33. Ra5 Bd7 34.
b4 Kd6 35. b5 cxb5 36. cxb5 g5 37. Ra6+ Kc7 38. b6+ Kd8 39. Nxd7 1-0

[Event "Chigorin Memorial 2019"]
[Site "St Petersburg RUS"]
[Date "2019.10.06"]
[Round "2.167"]
[White "Kuleshov, Dmitrii"]
[Black "Shkuratov, Vladimir"]
[Result "0-1"]
[WhiteElo "1245"]
[BlackElo "1869"]
[WhiteFideId "24276880"]
[BlackFideId "44158190"]
[EventDate "2019.10.05"]

1. e4 c5 2. Nf3 d6 3. d4 cxd4 4. Nxd4 Nf6 5. Nc3 a6 6. f3 e6 7. Be3 Be7 8. Qd2
O-O 9. O-O-O Nc6 10. g4 Nd7 11. h4 Nde5 12. Qf2 Qc7 13. Kb1 b5 14. h5 Bd7 15. g5
Nxd4 16. Bxd4 b4 17. f4 bxc3 18. fxe5 Rab8 19. Qg3 Rxb2+ 20. Kc1 Rfb8 21. Bxc3
Bxg5+ 0-1

[Event "Chigorin Memorial 2019"]
[Site "St Petersburg RUS"]
[Date "2019.10.06"]
[Round "2.168"]
[White "Novozhilov, Semen"]
[Black "Lezin, Aleksandr"]
[Result "1-0"]
[WhiteElo "1786"]
[BlackElo "1307"]
[WhiteFideId "24289167"]
[BlackFideId "54147239"]
[EventDate "2019.10.05"]

1. d4 Nf6 2. Nf3 g6 3. Bg5 Bg7 4. c3 d6 5. Nbd2 Nbd7 6. e4 O-O 7. Be2 c5 8. O-O
b6 9. Re1 cxd4 10. cxd4 Bb7 11. Bc4 Rc8 12. Qb3 e5 13. Rad1 exd4 14. Nxd4 Nc5
15. Qh3 Qd7 16. Qh4 Qg4 17. Bxf6 Qxh4 18. Bxh4 Bxd4 19. Be7 Rfe8 20. Bxd6 Bxb2
21. e5 Bc3 22. f3 a6 23. a4 Nd7 24. e6 fxe6 25. Bxe6+ Kg7 26. Bxd7 Rxe1+ 27.
Rxe1 Bxd2 28. Bxc8 Bxc8 29. Re7+ Kf6 30. Rxh7 Bf5 31. Kf2 Bc2 32. Ra7 a5 33. Bc7
Bxa4 34. Bxb6 Bb4 35. Kg3 Be1+ 36. Kh3 Bb3 37. Bxa5 Be6+ 38. g4 Bf2 39. Ra6 Kf7
40. Kg2 Bd4 41. Bc7 Kf6 42. h4 1-0

[Event "Chigorin Memorial 2019"]
[Site "St Petersburg RUS"]
[Date "2019.10.06"]
[Round "2.169"]
[White "Mirzoyan, Samvel"]
[Black "Dushin, Nikolay"]
[Result "0-1"]
[WhiteElo "1203"]
[BlackElo "1856"]
[WhiteFideId "34338063"]
[BlackFideId "4114612"]
[EventDate "2019.10.05"]

1. e4 c5 2. d4 cxd4 3. c3 d3 4. Bxd3 Nc6 5. Nf3 d6 6. Be3 Nf6 7. O-O g6 8. h3
Bg7 9. Nbd2 O-O 10. Nb3 Qc7 11. Qd2 Rd8 12. Bh6 Bh8 13. Rae1 Be6 14. Nbd4 Bd7
15. Ng5 Ne5 16. f4 Nxd3 17. Qxd3 e5 18. Nb3 Be8 19. Qf3 Rac8 20. f5 d5 21. exd5
Nxd5 22. fxg6 hxg6 23. Kh1 Qe7 24. h4 Rc6 25. Nd4 Rf6 26. Qe4 Rxf1+ 27. Rxf1
exd4 28. Qxe7 Nxe7 29. cxd4 Nf5 30. Nf3 Ng3+ 31. Kg1 Bxd4+ 32. Rf2 Bxf2+ 0-1

[Event "Chigorin Memorial 2019"]
[Site "St Petersburg RUS"]
[Date "2019.10.06"]
[Round "2.170"]
[White "Erokhin, Artem"]
[Black "Terman, Elizaveta"]
[Result "1-0"]
[WhiteElo "1851"]
[BlackElo "1100"]
[WhiteFideId "44153414"]
[BlackFideId "34297014"]
[EventDate "2019.10.05"]

1. e4 e6 2. d4 d5 3. Bd3 c5 4. exd5 exd5 5. Nf3 Nf6 6. O-O Be7 7. Bf4 O-O 8. h3
Nc6 9. Re1 cxd4 10. Nbd2 Bd6 11. Bxd6 Qxd6 12. Nb3 Bd7 13. Nbxd4 Nxd4 14. Nxd4
Qb6 15. b3 Kh8 16. Nf3 Rfe8 17. Ne5 Kg8 18. Qf3 Qd6 19. Qf4 Re7 20. Re2 Rae8 21.
Rae1 Bc8 22. Qd4 a6 23. c4 Qd8 24. f4 dxc4 25. Qxd8 Rxd8 26. Bxc4 Be6 27. Nxf7
Kxf7 28. Rxe6 Rxe6 29. Rxe6 Kf8 30. a4 Re8 31. Rd6 Re1+ 32. Kh2 Re8 33. f5 Re5
34. Be6 Ne4 35. Rd8+ Ke7 36. Rd7+ Kf6 37. h4 Rc5 38. Rxb7 a5 39. Rf7+ Ke5 40.
Rxg7 Nf6 41. Bc4 h6 42. Re7+ Kxf5 43. Bd3+ Kf4 44. g3+ Kg4 45. Kg2 Rc3 46. Rg7+
Kh5 47. Be2+ Ng4 48. Bxg4# 1-0

[Event "Chigorin Memorial 2019"]
[Site "St Petersburg RUS"]
[Date "2019.10.06"]
[Round "2.175"]
[White "Tsapalin, Sergey"]
[Black "Kvaratskheliya, Tristan"]
[Result "1/2-1/2"]
[WhiteElo "1932"]
[BlackElo "1536"]
[WhiteFideId "4107071"]
[BlackFideId "34253637"]
[EventDate "2019.10.05"]

1. d4 d5 2. c4 c6 3. Nf3 Nf6 4. e3 Bg4 5. Qb3 Qc7 6. Ne5 Bf5 7. Nc3 e6 8. Be2
Nbd7 9. f4 Ne4 10. O-O Nxc3 11. Qxc3 f6 12. Nxd7 Qxd7 13. Bf3 Bd6 14. Bd2 O-O
15. Rae1 Rae8 16. Qb3 Kh8 17. Rf2 dxc4 18. Qxc4 e5 19. e4 Be6 20. d5 Bg8 21.
fxe5 Rxe5 22. Rfe2 cxd5 23. exd5 Bxd5 24. Bxd5 Rxd5 25. Bb4 Bxb4 26. Qxb4 Qd6
27. Qxb7 Qb6+ 28. Qxb6 axb6 29. Re6 Rb5 30. b3 Kg8 31. Re7 Rf7 32. Re8+ Rf8 33.
R8e6 Ra8 34. Re8+ Rxe8 35. Rxe8+ Kf7 36. Rb8 Rc5 37. Rb7+ Kg6 38. h3 b5 39. a3
h5 40. h4 Kh6 41. Kf2 Rc2+ 42. Kf1 Rc5 43. Rb6 Kg6 44. Rb7 Re5 45. Kf2 Kh6 46.
Kf3 g5 47. hxg5+ Kxg5 48. a4 bxa4 49. bxa4 f5 50. Rb2 Ra5 51. Rb4 Rc5 52. Rb5
Rc3+ 53. Kf2 Ra3 54. Ra5 Kf4 55. Ra8 Ra2+ 56. Kg1 Kg3 57. Rg8+ Kf4 58. Ra8 Kg3
59. Rg8+ 1/2-1/2

[Event "Chigorin Memorial 2019"]
[Site "St Petersburg RUS"]
[Date "2019.10.07"]
[Round "3.1"]
[White "Kovalenko, Igor"]
[Black "Shubin, Kirill"]
[Result "1-0"]
[WhiteTitle "GM"]
[BlackTitle "IM"]
[WhiteElo "2674"]
[BlackElo "2416"]
[WhiteFideId "14117908"]
[BlackFideId "34119962"]
[EventDate "2019.10.05"]

1. d4 e6 2. Nf3 Nf6 3. e3 b6 4. Bd3 Bb7 5. O-O d5 6. c4 Bd6 7. cxd5 exd5 8. b3
Qe7 9. a4 Nc6 10. Ba3 Nb4 11. Nc3 a6 12. Bf5 O-O 13. Rc1 Rfe8 14. Bb1 Rac8 15.
Ne5 c5 16. Ng4 c4 17. Nxf6+ Qxf6 18. Bb2 Qh6 19. h3 a5 20. Bf5 Rcd8 21. Nb5 Qg5
22. Qg4 Qxg4 23. Bxg4 Nd3 24. Rb1 Bb4 25. Ba1 Bc8 26. Bxc8 Rxc8 27. Rfd1 f5 28.
g3 g5 29. Nc3 Bxc3 30. Bxc3 f4 31. bxc4 dxc4 32. Rb5 h6 33. exf4 gxf4 34. Rxb6
fxg3 35. Rg6+ Kf7 36. Rxg3 Rg8 37. Bxa5 Nb2 38. Rb1 Rb8 39. Rxg8 Rxg8+ 40. Kf1
Nd3 41. Bd2 Ke6 42. Rb5 Rf8 43. Be3 Nf4 44. h4 c3 45. Rc5 Nd5 46. Bxh6 Rb8 47.
a5 Rb1+ 48. Ke2 Rb2+ 49. Kf3 c2 50. Be3 Nb4 51. Ke4 Rb1 52. Rc4 Rb3 53. h5 1-0

[Event "Chigorin Memorial 2019"]
[Site "St Petersburg RUS"]
[Date "2019.10.07"]
[Round "3.3"]
[White "Radzhabov, Rodion"]
[Black "Khismatullin, Denis"]
[Result "0-1"]
[WhiteTitle "FM"]
[BlackTitle "GM"]
[WhiteElo "2384"]
[BlackElo "2611"]
[WhiteFideId "884715"]
[BlackFideId "4142578"]
[EventDate "2019.10.05"]

1. e4 c5 2. Nf3 d6 3. Bb5+ Nd7 4. O-O a6 5. Bxd7+ Bxd7 6. Re1 Nf6 7. e5 dxe5 8.
Nxe5 Be6 9. d3 g6 10. Qf3 Qd5 11. Qe2 Bg7 12. Nc3 Qd8 13. h3 O-O 14. Be3 Rc8 15.
Qd2 Nh5 16. Bh6 Qc7 17. Bxg7 Nxg7 18. Nf3 Rcd8 19. Ne4 Bd5 20. Qc3 Rc8 21. a4 f6
22. Nfd2 Nf5 23. a5 Nd4 24. Nc4 Nb5 25. Qd2 Bxc4 26. dxc4 Rfd8 27. Qc1 Nd4 28.
Nc3 e6 29. Ne2 Nxe2+ 30. Rxe2 e5 31. Rd2 Rxd2 32. Qxd2 Rd8 33. Qe3 Kg7 34. b3
Rd7 35. Kf1 f5 36. f3 Qd6 37. Re1 Re7 38. Ke2 e4 39. f4 Rd7 40. g4 Kf7 41. Rg1
Ke6 42. Rf1 Ke7 43. Rg1 Kd8 44. Rb1 Kc7 45. Rf1 Kb8 46. Qc3 Ka7 47. Qe3 Ka8 48.
Rg1 Rd8 49. Rf1 Qf6 50. Rb1 Rd4 51. Rg1 Rd8 52. Rb1 h6 53. Qg3 Qf7 54. Qe3 Qd7
55. Rg1 Qc7 56. Ra1 Rd4 57. Ke1 g5 58. gxf5 gxf4 59. Qg1 f3 60. Rd1 Qxa5+ 61.
Kf2 Rd2+ 62. Ke3 Re2+ 63. Kf4 Qc7+ 0-1

[Event "Chigorin Memorial 2019"]
[Site "St Petersburg RUS"]
[Date "2019.10.07"]
[Round "3.4"]
[White "Petrosyan, Manuel"]
[Black "Khlebovich, Alexander"]
[Result "1/2-1/2"]
[WhiteTitle "GM"]
[BlackTitle "FM"]
[WhiteElo "2613"]
[BlackElo "2398"]
[WhiteFideId "13300857"]
[BlackFideId "4169123"]
[EventDate "2019.10.05"]

1. d4 Nf6 2. c4 g6 3. Nc3 d5 4. Nf3 Bg7 5. cxd5 Nxd5 6. e4 Nxc3 7. bxc3 c5 8.
Be3 Qa5 9. Qd2 O-O 10. Rc1 Rd8 11. Be2 Nc6 12. d5 e6 13. O-O exd5 14. exd5 Bg4
15. Rfd1 Bxf3 16. Bxf3 Ne5 17. c4 Nxf3+ 18. gxf3 Qc7 19. Bf4 Qd7 20. Kg2 b5 21.
Be3 Rac8 22. Qa5 bxc4 23. Rxc4 Bd4 24. Bxd4 Qxd5 25. Rc3 Qg5+ 26. Kf1 Qf5 27.
Kg2 Qg5+ 28. Kf1 Qf5 29. Kg2 Qg5+ 1/2-1/2

[Event "Chigorin Memorial 2019"]
[Site "St Petersburg RUS"]
[Date "2019.10.07"]
[Round "3.5"]
[White "Rozum, Ivan"]
[Black "Padmini, Rout"]
[Result "1/2-1/2"]
[WhiteTitle "GM"]
[BlackTitle "IM"]
[WhiteElo "2596"]
[BlackElo "2394"]
[WhiteFideId "24104272"]
[BlackFideId "5029295"]
[EventDate "2019.10.05"]

1. Nf3 Nf6 2. c4 e6 3. b3 d5 4. Bb2 b6 5. cxd5 exd5 6. g3 Bd6 7. Bg2 O-O 8. O-O
Re8 9. Nc3 Ba6 10. Rc1 Nbd7 11. Re1 Rc8 12. d4 c6 13. Rc2 Ne4 14. Qa1 Qe7 15.
Bh3 Nxc3 16. Bxc3 Rc7 17. a4 Nf6 18. a5 Bb5 19. Nd2 h5 20. Ra2 bxa5 21. Bxa5 Rb7
22. Bg2 Bb4 23. Bxb4 Qxb4 24. e3 a5 25. Rc1 Ne4 26. Nxe4 dxe4 27. Qc3 Qxc3 28.
Rxc3 Ra7 29. f3 exf3 30. Bxf3 g6 31. Kf2 Rb8 32. Rc5 Kf8 33. Ra3 Rb6 34. Re5 Rb8
35. Ra2 a4 36. bxa4 Rxa4 37. Rb2 Re8 38. Rc5 Ra3 39. e4 Bd3 40. e5 Rd8 41. Rb4
Ra2+ 42. Ke3 Bf5 43. Rxc6 Rxh2 44. d5 Re8 45. e6 fxe6 46. d6 e5 47. Rc7 Rc2 48.
Rxc2 Bxc2 49. Be4 Bd1 50. Bxg6 Rd8 51. Rb6 Kg7 52. Bd3 Kf6 53. Bb5 Bg4 54. Ke4
Bf5+ 55. Kd5 Be6+ 56. Kc6 e4 57. Kc7 Rc8+ 58. Kb7 Rd8 59. Kc7 Rc8+ 60. Kb7 Rd8 1/2-1/2

[Event "Chigorin Memorial 2019"]
[Site "St Petersburg RUS"]
[Date "2019.10.07"]
[Round "3.6"]
[White "Popov, Mikhail"]
[Black "Smirin, Ilia"]
[Result "0-1"]
[WhiteTitle "IM"]
[BlackTitle "GM"]
[WhiteElo "2399"]
[BlackElo "2599"]
[WhiteFideId "4146182"]
[BlackFideId "2801990"]
[EventDate "2019.10.05"]

1. e4 c5 2. Nf3 Nc6 3. d4 cxd4 4. Nxd4 Qb6 5. Nb3 Nf6 6. Nc3 e6 7. Be3 Qc7 8. a3
Be7 9. f4 O-O 10. Bd3 d6 11. g4 d5 12. e5 Nd7 13. g5 Ndxe5 14. fxe5 Qxe5 15. Qe2
d4 16. Nxd4 Nxd4 17. Bxd4 Qxd4 18. h4 Qf4 19. Ne4 e5 20. Rg1 Bf5 21. Qf2 Qxf2+
22. Nxf2 Bxd3 23. Nxd3 f6 24. gxf6 Bxf6 25. O-O-O Bxh4 26. Nxe5 Rad8 27. Nd7 Rf7
28. Ne5 Rf5 29. Rxd8+ Bxd8 30. Re1 h5 0-1

[Event "Chigorin Memorial 2019"]
[Site "St Petersburg RUS"]
[Date "2019.10.07"]
[Round "3.7"]
[White "Kokarev, Dmitry"]
[Black "Chekletsov, Ilya"]
[Result "1-0"]
[WhiteTitle "GM"]
[BlackTitle "IM"]
[WhiteElo "2601"]
[BlackElo "2377"]
[WhiteFideId "4132181"]
[BlackFideId "24177156"]
[EventDate "2019.10.05"]

1. e4 e5 2. Nf3 Nf6 3. Nxe5 Qe7 4. d4 Nc6 5. Nc3 Nxe5 6. dxe5 Qxe5 7. f4 Qe6 8.
Qd4 b6 9. Bc4 Bc5 10. Qd3 Qe7 11. Bd2 Bb7 12. O-O-O O-O-O 13. Rhe1 Kb8 14. Re2
h5 15. Ba6 Bb4 16. Bxb7 Kxb7 17. e5 Bxc3 18. Bxc3 Ne8 19. f5 Rh6 20. Qf3+ Kb8
21. Bd2 Rh8 22. Bf4 g5 23. Bd2 g4 24. Qd5 Nf6 25. Qc4 Nh7 26. Bf4 Rhe8 27. Red2
Nf8 28. a4 Rc8 29. a5 f6 30. Rd5 Qf7 31. e6 1-0

[Event "Chigorin Memorial 2019"]
[Site "St Petersburg RUS"]
[Date "2019.10.07"]
[Round "3.8"]
[White "Yuffa, Daniil"]
[Black "Can, Isik"]
[Result "1-0"]
[WhiteTitle "GM"]
[BlackTitle "IM"]
[WhiteElo "2577"]
[BlackElo "2361"]
[WhiteFideId "24131423"]
[BlackFideId "6383742"]
[EventDate "2019.10.05"]

1. c4 c6 2. Nf3 Nf6 3. Nc3 d5 4. e3 g6 5. d4 Bg7 6. Be2 O-O 7. O-O dxc4 8. Bxc4
Bg4 9. h3 Bxf3 10. Qxf3 Nbd7 11. a4 a5 12. Rd1 Nb6 13. Bb3 e6 14. e4 Qe7 15. Bg5
h6 16. Bh4 g5 17. Bg3 Rfd8 18. h4 Nh7 19. Qe3 gxh4 20. Bf4 Ng5 21. d5 Qb4 22.
Na2 Nc4 23. Nxb4 Nxe3 24. Bxe3 axb4 25. dxc6 Rxd1+ 26. Bxd1 bxc6 27. e5 f5 28.
Rc1 Ra6 29. b3 Ne4 30. Be2 Ra5 31. Rxc6 Bxe5 32. Bc4 1-0

[Event "Chigorin Memorial 2019"]
[Site "St Petersburg RUS"]
[Date "2019.10.07"]
[Round "3.9"]
[White "Sawlin, Leonid"]
[Black "Aleksandrov, Aleksej"]
[Result "1/2-1/2"]
[WhiteTitle "FM"]
[BlackTitle "GM"]
[WhiteElo "2395"]
[BlackElo "2577"]
[WhiteFideId "4689542"]
[BlackFideId "13500139"]
[EventDate "2019.10.05"]

1. e4 e5 2. Bc4 Nf6 3. d3 c6 4. Nf3 Be7 5. O-O d6 6. a4 O-O 7. Re1 Nbd7 8. Nbd2
b6 9. Nf1 Bb7 10. Ba2 Re8 11. h3 Bf8 12. g4 Nc5 13. c3 Ba6 14. Bb1 d5 15. d4
exd4 16. e5 dxc3 17. exf6 Qxf6 18. Rxe8 Rxe8 19. Bg5 Be2 20. Qc2 Qg6 21. Qxc3
Ne4 22. N1d2 Bc5 23. Be3 Bxf3 24. Nxf3 Nxc3 25. Bxg6 Ne2+ 26. Kf1 Bxe3 27. fxe3
Rxe3 28. Kf2 Rb3 29. Re1 Rxb2 30. Rxe2 Rxe2+ 31. Kxe2 hxg6 32. Nd4 c5 33. Nc6 f5
34. Nxa7 Kf7 35. Nc8 Ke6 36. Nxb6 Kd6 37. a5 Kc6 38. Ke3 d4+ 39. Kd3 f4 40. g5
Kb5 41. Nc4 f3 42. Ne5 f2 43. Ke2 Kxa5 44. Kxf2 Kb4 45. Ke2 Kc3 46. Nxg6 d3+ 47.
Kd1 Kd4 48. h4 Ke4 49. Nf8 Kf5 50. h5 Ke5 1/2-1/2

[Event "Chigorin Memorial 2019"]
[Site "St Petersburg RUS"]
[Date "2019.10.07"]
[Round "3.10"]
[White "Sivuk, Vitaly"]
[Black "Timerkhanov, Alexander"]
[Result "1-0"]
[WhiteTitle "GM"]
[BlackTitle "FM"]
[WhiteElo "2559"]
[BlackElo "2354"]
[WhiteFideId "14116502"]
[BlackFideId "24177938"]
[EventDate "2019.10.05"]

1. d4 d5 2. c4 c6 3. Nc3 Nf6 4. e3 a6 5. Qc2 g6 6. Bd3 Bg7 7. Nge2 O-O 8. b3
dxc4 9. bxc4 c5 10. d5 e6 11. e4 exd5 12. exd5 b5 13. Bg5 Qa5 14. O-O bxc4 15.
Bxc4 Bf5 16. Bd3 Bxd3 17. Qxd3 Nbd7 18. Rad1 Rac8 19. Qh3 Qb4 20. d6 Qc4 21. Nf4
Rb8 22. Ncd5 Rb7 23. Bxf6 Bxf6 24. Qxd7 Rxd7 25. Nxf6+ Kg7 26. Nxd7 Rd8 27. Nd3
Rxd7 28. Ne5 Qe6 29. Nxd7 Qxd7 30. Rfe1 c4 31. Rd4 Kf6 32. g3 c3 33. Rc1 Ke5 34.
Rdd1 g5 35. Rxc3 Kf5 36. h3 h5 37. Rc7 Qa4 38. Rd5+ Ke4 39. d7 Kxd5 1-0

[Event "Chigorin Memorial 2019"]
[Site "St Petersburg RUS"]
[Date "2019.10.07"]
[Round "3.11"]
[White "Saveliev, Alexei"]
[Black "Vorobiov, Evgeny E."]
[Result "0-1"]
[WhiteTitle "IM"]
[BlackTitle "GM"]
[WhiteElo "2363"]
[BlackElo "2552"]
[WhiteFideId "24128546"]
[BlackFideId "4121341"]
[EventDate "2019.10.05"]

1. e4 c5 2. Nf3 d6 3. d4 cxd4 4. Nxd4 Nf6 5. Nc3 a6 6. Bg5 Nbd7 7. f4 Qc7 8. Qf3
b5 9. Bd3 Bb7 10. a3 g6 11. O-O-O Bg7 12. Rhe1 O-O 13. Qh3 Rac8 14. Bh6 e5 15.
fxe5 dxe5 16. Nf3 Nc5 17. Qh4 Nxd3+ 18. cxd3 Qa5 19. Kb1 b4 20. axb4 Qxb4 21.
Rc1 a5 22. Bxg7 Kxg7 23. Rc2 Nd7 24. Rec1 Qd6 25. Qg3 Ba6 26. Rd1 Bxd3 27. Ka1
Nc5 28. Nxe5 Rfd8 29. Nxd3 Qxg3 30. hxg3 Rxd3 31. Rxd3 Nxd3 32. Rd2 Nb4 33. Kb1
Rc5 34. Nd5 Rc4 35. Nc3 h5 36. Re2 Rd4 37. Kc1 Rd3 38. e5 Rxg3 39. Kd2 Rd3+ 40.
Ke1 Rd8 41. Kf1 Re8 42. Nb5 Nd3 43. Nd6 Rxe5 44. Rxe5 Nxe5 45. Ke2 Kf6 46. b3
Ke6 47. Nb7 Nc6 48. Kd3 Kd5 49. Ke3 g5 0-1